000 00288nam a22001097a 4500
999 _c168362
_d168362
082 _a
_b
100 _aSoorya Kamtha Ajmera
245 _aVarthman parivesh meim bhakti kavya ki prasangikta/
_cby Soorya Kamtha Ajmera.
260 _aNew Delhi:
_bVikas,
_c2002.
650 _a
942 _cBK